Polish cities — sudden death - Statistics

General Stats
  • This quiz has been taken 700 times
    672 since last reset
  • The average score is 14 of 18
Answers on the Grid
Answers color-coded by a green-red scale on the quiz's grid according to % correct below.
Warsaw
Sofia
Opole
Łódź
Brno
Cracow
Novi Sad
Katowice
Poznań
Olsztyn
Berlin
Gdansk
Szczecin
Gdynia
Radom
Kaunas
Wrocław
Prague
Szeged
Cluj-Napoca
Bratislava
Kielce
Gorzów Wielkopolski
Konin
Burgas
Suwalki
Kalisz
Bergamo
Koszalin
Kragujevac
 
Answer Stats
Answer % Correct
Warsaw
91%
Gdansk
89%
Wrocław
89%
Katowice
88%
Łódź
88%
Poznań
88%
Gorzów Wielkopolski
85%
Szczecin
85%
Cracow
84%
Gdynia
80%
Olsztyn
77%
Kalisz
76%
Kielce
75%
Koszalin
75%
Opole
70%
Suwalki
68%
Radom
67%
Konin
65%
No matching quizzes found
Score Distribution
Percent of People with Each Score
Percentile by Number Answered
Your Score History
You have not taken this quiz since the last reset